| 000 | 01577nam a2200337 c 4500 | ||
|---|---|---|---|
| 003 | BLK | ||
| 005 | 20180422115207.0 | ||
| 008 | 180411b bul|||||r ||||||| ||bul|| | ||
| 010 | _aKNG00190863000 | ||
| 040 | _aBLK | ||
| 041 |
_aBUL _cBUL |
||
| 080 |
_aНедохранване. Прехранване - Постене, диета, хранителен режим за отслабване, режим за напълняване. Вж и 615.874 _b613.24/.25 _x(035) _z613.24/.25(035) |
||
| 100 | 1 |
_aГрънчаров, Веселин Пенчев _eпърви автор _9378159 |
|
| 700 | 1 |
_aХубанова, Домна _eсъавт. _9342776 |
|
| 139 |
_aГрънчаров, Веселин Пенчев и др. _bГ 89 |
||
| 245 | 1 | 0 |
_aНаръчник по лечебно хранене _cВеселин Пенчев Грънчаров; съавт. Домна Хубанова. |
| 250 | _a2. осн. прераб. и доп. изд. | ||
| 257 | _aBGR | ||
| 260 |
_аСофия _bМедицина и физкултура _c1981 |
||
| 300 |
_a208 с. _c18 см |
||
| 380 | _a61 | ||
| 500 | _a1. изд. 1966 със загл. Кратък пътеводител по диетично хранене. - 20 110 тир. | ||
| 650 | 4 |
_aЛечебно хранене - наръчници и ръководства _9243265 |
|
| 653 | _aлечебно хранене | ||
| 653 | _aнаръчници | ||
| 852 | _aЦб І 18682 | ||
| 856 | 4 |
_qpdf _u |
|
| 856 | 4 |
_qpdf _u |
|
| 942 |
_cKNG _n0 |
||
| 944 |
_aCR _c20.09.2016 _kПравда_Бадева |
||
| 944 |
_aED _c20.09.2016 _kПравда_Бадева |
||
| 999 |
_c181946 _d181946 |
||